[Event "40th Olympiad Open"]
[Site "Istanbul TUR"]
[Date "2012.09.06"]
[Round "9.65"]
[Board "2"]
[White "Arora, Neel"]
[Black "Denny, Kevin"]
[Result "0-1"]
[BlackTitle "IM"]
[WhiteElo "1861"]
[BlackElo "2304"]
[WhiteTeam "Fiji"]
[BlackTeam "Barbados"]
[WhiteFideId "11400145"]
[BlackFideId "11100028"]
[EventDate "2012.08.28"]

1. e4 e5 2. Nf3 Nc6 3. Bb5 a6 4. Ba4 Nf6 5. O-O Bc5 6. c3 O-O 7. d4 Bb6 8. Bg5
h6 9. Bxf6 Qxf6 10. d5 Ne7 11. Nbd2 d6 12. h3 Ng6 13. Nh2 Nf4 14. Qf3 Qg5 15.
Kh1 Nxh3 16. Nc4 Nxf2+ 17. Rxf2 Bxf2 18. Qxf2 b5 19. Nxe5 Qxe5 20. Bc2 f5 21.
Rf1 f4 22. Qh4 Qg5 23. Qf2 Bg4 24. Nxg4 Qxg4 25. Bd1 Qg3 26. Kg1 Rae8 27. Qd4
Re5 28. Rf3 Qe1+ 29. Rf1 Qxe4 30. a4 Qxd4+ 31. cxd4 Re4 32. axb5 axb5 33. Bg4
Rxd4 34. Re1 Kf7 35. b3 g6 36. Rc1 Rxd5 37. Rxc7+ Kf6 38. Rb7 Re8 39. Bf3 Rc5
40. Rb6 Re1+ 41. Kf2 Rb1 42. Rxd6+ Ke5 43. Rd2 Rxb3 44. Bb7 b4 45. Rd8 Rc2+ 46.
Kg1 Rb1+ 47. Kh2 Rcc1 48. Rd5+ Kf6 49. Kh3 h5 50. g3 f3 51. Rd6+ Ke7 52. Rd2
Rh1+ 53. Rh2 Rxh2+ 54. Kxh2 f2 55. Bg2 f1=Q 56. Bxf1 Rxf1 57. Kg2 Rc1 58. Kf2 b3
59. Kg2 Rc3 60. Kh2 g5 61. Kg2 g4 0-1

[Event "40th Olympiad Open"]
[Site "Istanbul TUR"]
[Date "2012.09.06"]
[Round "9.65"]
[Board "3"]
[White "Warner, Delisle"]
[Black "Arvind, Goru"]
[Result "1-0"]
[WhiteTitle "FM"]
[WhiteElo "2204"]
[BlackElo "1678"]
[WhiteTeam "Barbados"]
[BlackTeam "Fiji"]
[WhiteFideId "11100109"]
[BlackFideId "11400188"]
[EventDate "2012.08.28"]

1. d4 d5 2. c4 c6 3. Nf3 e6 4. Nbd2 f5 5. g3 Nf6 6. Bg2 Be7 7. O-O O-O 8. Ne5
Nbd7 9. Ndf3 Ne4 10. Qc2 Ng5 11. Bxg5 Bxg5 12. Nxd7 Bxd7 13. Nxg5 Qxg5 14. e3
Qd8 15. b4 a6 16. a4 Rc8 17. Qb3 b5 18. axb5 axb5 19. cxb5 cxb5 20. Rfc1 Rxc1+
21. Rxc1 Qb6 22. Rc5 Rc8 23. Qc3 Rxc5 24. dxc5 Qc7 25. Qa3 Bc6 26. Qa6 Qb7 27.
Qa5 Qd7 28. Qb6 h6 29. h4 Qe8 30. Qc7 Qd7 31. Qe5 Qe8 32. Bf3 g6 33. h5 gxh5 34.
Bxh5 Qe7 35. Bg6 Bd7 36. Bxf5 Qf7 37. Bd3 Qf3 38. Qb8+ Qf8 39. Qb7 Qe8 40. c6
Bxc6 41. Qh7+ Kf8 42. Bg6 Qd7 43. Qxh6+ Ke7 44. Qf4 Kd8 45. g4 Kc8 46. Qf8+ Kc7
47. g5 Qd8 48. Qxd8+ Kxd8 49. f4 Ke7 50. Kf2 Bd7 51. e4 dxe4 52. Bxe4 Kf7 53.
Ke3 Ke7 54. Kd4 Be8 55. Ke5 Bh5 56. Bd3 Be8 57. Be2 Bd7 58. Bh5 Bc6 59. g6 Kf8
60. Kf6 1-0

[Event "40th Olympiad Open"]
[Site "Istanbul TUR"]
[Date "2012.09.06"]
[Round "9.66"]
[Board "2"]
[White "Giasi, Viresh"]
[Black "Abrantes, Persson"]
[Result "0-1"]
[WhiteElo "1975"]
[BlackElo "1967"]
[WhiteTeam "Suriname"]
[BlackTeam "Mozambique"]
[WhiteFideId "8200165"]
[BlackFideId "14800063"]
[EventDate "2012.08.28"]

1. e4 c5 2. Nc3 g6 3. d3 Bg7 4. Be3 d6 5. Be2 Nc6 6. Qd2 Nf6 7. O-O-O Be6 8. h3
Qa5 9. a3 O-O 10. Bf3 Rfc8 11. Nd5 Qa6 12. Bh6 Bh8 13. Ne2 b5 14. Qg5 b4 15. a4
Qxa4 16. b3 Qa2 17. Kd2 Bxd5 18. Ra1 Nxe4+ 19. Bxe4 Bxa1 20. Bxd5 Bf6 21. Qg4 e6
22. Bxe6 Re8 23. Bxf7+ Kxf7 24. Qd7+ Ne7 25. Nf4 Bc3+ 26. Ke3 Kg8 27. Kf3 Nf5
28. Bg5 Qxc2 29. h4 Bd4 0-1

[Event "40th Olympiad Open"]
[Site "Istanbul TUR"]
[Date "2012.09.06"]
[Round "9.66"]
[Board "3"]
[White "Cossa, Pedro Ventura"]
[Black "Matoewi, Roger"]
[Result "0-1"]
[BlackTitle "CM"]
[WhiteElo "1995"]
[BlackElo "2089"]
[WhiteTeam "Mozambique"]
[BlackTeam "Suriname"]
[WhiteFideId "14800071"]
[BlackFideId "8200084"]
[EventDate "2012.08.28"]

1. d4 Nf6 2. c4 g6 3. Nc3 Bg7 4. Nf3 d6 5. g3 O-O 6. Bg2 Nbd7 7. O-O c5 8. d5
Rb8 9. Qd3 a6 10. a4 b6 11. Re1 Re8 12. h3 Nf8 13. e4 e5 14. Nh4 Nh5 15. Qe2 Nf4
16. Qf1 Nxg2 17. Kxg2 f5 18. Nf3 Rb7 19. Kh2 h6 20. Ng1 Rf7 21. Qe2 Qf6 22. f3
h5 23. Bd2 f4 24. Qg2 Bh6 25. Rad1 fxg3+ 26. Qxg3 Bf4 27. Bxf4 exf4 28. Qf2 Re5
29. Nge2 g5 30. Rg1 Rg7 31. Rdf1 Ng6 32. Rh1 Bxh3 33. Kxh3 g4+ 34. Kg2 gxf3+ 35.
Kxf3 Rg5 36. Ng1 Ne5+ 0-1

[Event "40th Olympiad Open"]
[Site "Istanbul TUR"]
[Date "2012.09.06"]
[Round "9.67"]
[Board "2"]
[White "Zerafa, Robert"]
[Black "Madrigal, Mariano"]
[Result "1-0"]
[WhiteElo "2068"]
[BlackElo "2155"]
[WhiteTeam "Malta"]
[BlackTeam "Nicaragua"]
[WhiteFideId "5600618"]
[BlackFideId "6100961"]
[EventDate "2012.08.28"]

1. Nf3 Nf6 2. c4 g6 3. b3 Bg7 4. Bb2 c5 5. g3 O-O 6. Bg2 Nc6 7. O-O d6 8. d4
cxd4 9. Nxd4 Nxd4 10. Qxd4 a6 11. Rd1 Qa5 12. Nc3 Rb8 13. Nd5 Qd8 14. Qh4 Nxd5
15. Bxg7 Kxg7 16. cxd5 b5 17. b4 Rb7 18. Rac1 Rc7 19. Qd4+ Kg8 20. Qe3 Bf5 21.
Rc6 Rxc6 22. dxc6 Qc7 23. Rc1 Be6 24. Qd2 Bc4 25. Bd5 Bxd5 26. Qxd5 Rc8 27. e4
Qb6 28. e5 dxe5 29. c7 Qd6 30. Qb7 Qd7 31. Qxa6 Rxc7 32. Rxc7 Qxc7 33. Qxb5 Qc3
34. h4 Qe1+ 35. Kg2 e6 36. a4 g5 37. hxg5 e4 38. Qb8+ Kg7 39. Qe5+ Kg8 40. Qb8+
Kg7 41. Qe5+ Kg8 42. Qd4 e5 43. Qxe5 Qxb4 44. a5 Qa3 45. Kh2 Qa2 46. Kg1 Qb1+
47. Kg2 Qb7 48. Kh3 Qb1 49. Kg4 Qd1+ 50. Kf5 Qf3+ 51. Qf4 Qa3 52. Qb8+ Kg7 53.
Qe5+ Kg8 54. Kxe4 Qb3 55. Kf4 Qc4+ 56. Kf3 Qc6+ 57. Kg4 Qc8+ 58. Qf5 Qc4+ 59.
Kh3 Qc6 60. Kh2 h6 61. Qf6 Qb5 62. gxh6 Qh5+ 63. Kg2 Qd5+ 64. f3 Qd2+ 65. Kh3
Qd7+ 66. g4 1-0

[Event "40th Olympiad Open"]
[Site "Istanbul TUR"]
[Date "2012.09.06"]
[Round "9.67"]
[Board "3"]
[White "Ortiz, Marcos"]
[Black "Zerafa, Patrick"]
[Result "1-0"]
[BlackTitle "CM"]
[WhiteElo "2171"]
[BlackElo "2089"]
[WhiteTeam "Nicaragua"]
[BlackTeam "Malta"]
[WhiteFideId "6100678"]
[BlackFideId "5600375"]
[EventDate "2012.08.28"]

1. e4 c6 2. d4 d5 3. e5 Bf5 4. Nc3 e6 5. g4 Bg6 6. Nge2 f6 7. Nf4 Bf7 8. Qe2 Qe7
9. Bh3 Nd7 10. Nd3 O-O-O 11. Bf4 h5 12. O-O-O hxg4 13. Bxg4 f5 14. Bf3 g5 15.
Bd2 Rh4 16. Bg2 Bh5 17. f3 Bh6 18. Kb1 Rxd4 19. Qf2 c5 20. Nb5 Ra4 21. Nd6+ Kb8
22. Nxc5 Nxc5 23. Qxc5 Qc7 24. Qb5 Qc6 25. Qb3 Bg6 26. Nxb7 Qxb7 27. Qxa4 Ka8
28. f4 Rb8 29. b3 g4 30. Be3 Ne7 31. Bc5 Be8 32. Qd4 Nc6 33. Qf2 a5 34. Bd6 Rc8
35. c4 dxc4 36. Kb2 cxb3 37. axb3 a4 38. Rd3 Qb5 39. Ra1 Kb7 40. Rxa4 1-0

[Event "40th Olympiad Open"]
[Site "Istanbul TUR"]
[Date "2012.09.06"]
[Round "9.67"]
[Board "4"]
[White "Psaila, Clarence"]
[Black "Alfaro, William"]
[Result "0-1"]
[BlackTitle "FM"]
[WhiteElo "2026"]
[BlackElo "2129"]
[WhiteTeam "Malta"]
[BlackTeam "Nicaragua"]
[WhiteFideId "5600359"]
[BlackFideId "6100457"]
[EventDate "2012.08.28"]

1. e4 g6 2. d4 Bg7 3. Nf3 d6 4. Nc3 Nf6 5. Be3 O-O 6. Bd3 Bg4 7. h3 Bxf3 8. Qxf3
Nc6 9. O-O Nd7 10. Ne2 a6 11. c3 Nde5 12. dxe5 Nxe5 13. Qg3 Nxd3 14. Bd4 Nxb2
15. Rfb1 Nc4 16. Rxb7 e5 17. Rb4 Na3 18. Rb3 Nc2 19. Rc1 Nxd4 20. cxd4 exd4 21.
Rc4 c5 22. Qd3 Qa5 23. Qb1 Rae8 24. Rc1 d5 25. Ng3 c4 26. Rb7 d3 27. exd5 d2 28.
Rd1 Re1+ 29. Kh2 Qxd5 30. Rb6 Bd4 31. Rb8 Rxd1 32. Rxf8+ Kxf8 33. Qxd1 Bxf2 0-1

[Event "40th Olympiad Open"]
[Site "Istanbul TUR"]
[Date "2012.09.06"]
[Round "9.70"]
[Board "2"]
[White "Marko, Helmut"]
[Black "Anquandah, Francis Eric"]
[Result "0-1"]
[WhiteTitle "CM"]
[WhiteElo "2014"]
[BlackElo "1992"]
[WhiteTeam "Papua New Guinea"]
[BlackTeam "Ghana"]
[WhiteFideId "9100032"]
[BlackFideId "12600148"]
[EventDate "2012.08.28"]

1. Nf3 Nf6 2. g3 c6 3. c4 d5 4. b3 g6 5. Bb2 Bg7 6. Bg2 O-O 7. O-O Bg4 8. d3
Nbd7 9. Nbd2 Re8 10. Rc1 e5 11. cxd5 cxd5 12. h3 Bxf3 13. Nxf3 Qb6 14. Rc2 Nh5
15. e3 Qd6 16. Qa1 e4 17. dxe4 Bxb2 18. Qxb2 dxe4 19. Rd2 Qf6 20. Qxf6 Nhxf6 21.
Nd4 a6 22. Rc1 Rac8 23. Rdc2 Rxc2 24. Rxc2 Nd5 25. a3 Kg7 26. b4 f5 27. Nb3 Re7
28. Bf1 Ne5 29. Nd4 Kf6 30. Be2 Rc7 31. Rxc7 Nxc7 32. f4 exf3 33. Nxf3 Nxf3+ 34.
Bxf3 b6 35. a4 Ke5 36. Kf2 Nd5 37. a5 b5 38. Ke2 Nxb4 39. Kd2 Kd6 40. Kc3 Nc6
41. e4 fxe4 42. Bxe4 Nxa5 43. h4 Kc5 44. h5 b4+ 45. Kd3 gxh5 46. Bxh7 Nc6 47.
Bg8 a5 48. Bb3 Nd4 49. Bd1 Nf5 50. Bxh5 Nxg3 51. Be8 Nf5 52. Bd7 Nd6 53. Kc2 Nb5
54. Kb3 Nc3 55. Be6 a4+ 56. Kb2 Nb5 57. Bf7 Nd4 58. Ka2 Nb5 59. Be6 Kb6 60. Kb2
Nd4 61. Bf7 Ka5 62. Ka2 b3+ 63. Ka3 Nc2+ 64. Kb2 Kb4 65. Bxb3 axb3 66. Kc1 Kc3 0-1

[Event "40th Olympiad Open"]
[Site "Istanbul TUR"]
[Date "2012.09.06"]
[Round "9.70"]
[Board "3"]
[White "Bonsu, Kwadwo Owusu Bempa"]
[Black "Jones, Rupert"]
[Result "1/2-1/2"]
[BlackTitle "FM"]
[WhiteElo "1952"]
[BlackElo "1941"]
[WhiteTeam "Ghana"]
[BlackTeam "Papua New Guinea"]
[WhiteFideId "12600172"]
[BlackFideId "9100121"]
[EventDate "2012.08.28"]

1. e4 d5 2. e5 c5 3. Nf3 Bf5 4. d4 e6 5. Bd3 Bxd3 6. Qxd3 Nc6 7. Bf4 Qb6 8. b3
cxd4 9. O-O Bc5 10. a3 a5 11. Nbd2 Nge7 12. Bg3 Nf5 13. Rfe1 O-O 14. Bf4 h6 15.
g4 Nfe7 16. h4 Qa6 17. h5 Qxd3 18. cxd3 Kh7 19. Rec1 b6 20. Nf1 f6 21. Bg3 fxe5
22. Nxe5 Nxe5 23. Bxe5 Rf3 24. Rd1 g6 25. Nh2 Rf7 26. b4 Nc6 27. bxc5 Nxe5 28.
cxb6 gxh5 29. gxh5 Rb8 30. Rab1 Kg7 31. Rb5 Rfb7 32. Rxa5 Rxb6 33. Ra7+ Kf6 34.
f4 Nc6 35. Rh7 Rg8+ 36. Kf1 Rb2 37. Nf3 Rgg2 38. Rxh6+ Ke7 39. Nh4 Rh2 40. Ng6+
Kd6 41. Kg1 Na5 42. Nf8 1/2-1/2

[Event "40th Olympiad Open"]
[Site "Istanbul TUR"]
[Date "2012.09.06"]
[Round "9.70"]
[Board "4"]
[White "Press, Shaun"]
[Black "Thompson, Edward Nii Lamptey"]
[Result "1/2-1/2"]
[WhiteTitle "CM"]
[WhiteElo "2041"]
[BlackElo "1834"]
[WhiteTeam "Papua New Guinea"]
[BlackTeam "Ghana"]
[WhiteFideId "9100075"]
[BlackFideId "12600113"]
[EventDate "2012.08.28"]

1. e4 e5 2. Nf3 Nc6 3. Bb5 a6 4. Ba4 Nf6 5. O-O b5 6. Bb3 Be7 7. Re1 d6 8. c3
Na5 9. Bc2 c5 10. d4 Qc7 11. dxe5 dxe5 12. Nbd2 O-O 13. Nf1 Bg4 14. Ne3 Rad8 15.
Qe2 Bc8 16. Nf5 Nc6 17. N3h4 g6 18. Nxe7+ Qxe7 19. Bg5 Qe6 20. f4 Rd6 21. f5 Qd7
22. g4 Kg7 23. Rad1 h6 24. Bxf6+ Kxf6 25. Qe3 g5 26. Qxc5 Rd8 27. Nf3 Qa7 28.
Qxa7 Nxa7 29. Kf2 Bb7 30. Ke3 Nc6 31. Rxd6+ Rxd6 32. h4 gxh4 33. Rh1 Kg7 34.
Rxh4 f6 35. Rh2 Na5 36. Nd2 Bc6 37. Rh1 Be8 38. Ra1 Nc6 39. Nb3 a5 40. Nc5 Nd8
41. Rd1 Rxd1 42. Bxd1 Kf7 43. a4 Ke7 44. axb5 Bxb5 45. Ba4 Kd6 46. Bxb5 Kxc5 47.
Bd3 a4 48. Bc2 Kb5 49. Bd3+ Kc5 50. Kd2 Nb7 51. Kc2 Kb6 52. Bc4 Nc5 53. Bd5 Kb5
54. Kd2 a3 55. b4 Nxe4+ 56. Kc2 Nf2 57. Bf3 e4 58. Be2+ Nd3 59. Kb3 a2 60. Kxa2
Kc4 61. Bxd3+ Kxd3 62. b5 e3 63. b6 e2 64. b7 e1=Q 65. b8=Q Qd2+ 66. Ka3 Qxc3+
67. Ka2 1/2-1/2

[Event "40th Olympiad Open"]
[Site "Istanbul TUR"]
[Date "2012.09.06"]
[Round "9.71"]
[Board "3"]
[White "Volpinari, Danilo"]
[Black "Tamra, Attallah"]
[Result "0-1"]
[WhiteTitle "CM"]
[WhiteElo "2025"]
[BlackElo "2084"]
[WhiteTeam "San Marino"]
[BlackTeam "Palestine"]
[WhiteFideId "11800054"]
[BlackFideId "11500255"]
[EventDate "2012.08.28"]

1. e4 c5 2. Nf3 g6 3. d4 cxd4 4. Nxd4 Nc6 5. Be3 Nf6 6. Nc3 Bg7 7. Nxc6 bxc6 8.
e5 Ng8 9. Bd4 f6 10. f4 Qa5 11. Qd2 fxe5 12. fxe5 Rb8 13. Bc4 c5 14. Be3 Bxe5
15. Bf7+ Kd8 16. Bxg8 Rxg8 17. O-O Rxb2 18. Qd5 Qxc3 19. Qxg8+ Kc7 20. Rae1 Ba6
21. Qxh7 Bxf1 22. Kxf1 Qxc2 23. Qh3 d6 24. Qf3 Bxh2 0-1

[Event "40th Olympiad Open"]
[Site "Istanbul TUR"]
[Date "2012.09.06"]
[Round "9.72"]
[Board "1"]
[White "Tarlabasi, Emirhan"]
[Black "Rosenbeiger, Alan"]
[Result "1/2-1/2"]
[WhiteElo "1740"]
[BlackElo "2151"]
[WhiteTeam "Turkey 2023"]
[BlackTeam "Jersey"]
[WhiteFideId "6350275"]
[BlackFideId "1109448"]
[EventDate "2012.08.28"]

1. d4 Nf6 2. c4 c5 3. d5 e5 4. Nc3 d6 5. e4 Nbd7 6. Nf3 Be7 7. Be2 a6 8. a4 h5
9. h3 h4 10. Nh2 g6 11. Be3 Nh5 12. Qc2 Bg5 13. Bxh5 Rxh5 14. Nf1 Bxe3 15. Nxe3
Nf6 16. O-O-O Rh8 17. Rhf1 Nh5 18. Ne2 Bd7 19. f4 exf4 20. Nxf4 Qg5 21. Qc3 Qe5
22. Qxe5+ dxe5 23. Nxh5 Rxh5 24. b3 f5 25. exf5 gxf5 26. d6 f4 27. Nd5 O-O-O 28.
Nb6+ Kb8 29. Nxd7+ Rxd7 30. Rd5 Rh6 31. Rxe5 Rhxd6 32. Rh5 Rd2 33. Rxh4 Rxg2 34.
Rg4 Rh2 35. Rgxf4 Rdd2 36. R4f3 Kc7 37. Rf7+ Kb6 38. a5+ Kxa5 39. Rxb7 Rdg2 40.
Rd1 Ra2 41. Kb1 Rag2 42. Kc1 Rf2 43. Rb8 Rxh3 44. Rb7 Rhh2 45. Kb1 Rf6 46. Rb8
Rb6 47. Rxb6 Kxb6 48. Rd5 Rg2 49. Ka1 Kc6 50. Kb1 Re2 51. Ka1 a5 52. Rh5 a4 53.
Rh6+ Kb7 54. bxa4 Rc2 55. Rh4 Kb6 56. Kb1 Rf2 57. Rh5 Rf4 58. a5+ Kc6 59. Rh6+
Kc7 60. Kb2 Rxc4 61. Kb3 Rb4+ 62. Kc3 Kb7 63. Rb6+ Rxb6 64. axb6 Kxb6 65. Kc4
Kc6 66. Kc3 Kb5 67. Kb3 Ka5 68. Kc4 Kb6 69. Kc3 Kb5 70. Kb3 c4+ 71. Kc3 Kc5 72.
Kc2 Kd6 73. Kc3 Kd5 74. Kc2 Kd4 75. Kd2 c3+ 76. Kc2 Kc4 77. Kc1 Kc5 78. Kc2 Kb4
79. Kc1 Kb3 80. Kb1 Ka4 81. Kc2 Kb4 82. Kc1 Kb3 83. Kb1 Kc4 84. Kc2 Kd4 85. Kc1
Ke5 1/2-1/2

[Event "40th Olympiad Open"]
[Site "Istanbul TUR"]
[Date "2012.09.06"]
[Round "9.72"]
[Board "2"]
[White "Kahn, Tito"]
[Black "Aydincelebi, Kagan"]
[Result "1/2-1/2"]
[WhiteElo "2049"]
[BlackElo "1659"]
[WhiteTeam "Jersey"]
[BlackTeam "Turkey 2023"]
[WhiteFideId "15600084"]
[BlackFideId "6361102"]
[EventDate "2012.08.28"]

1. d4 d5 2. Nf3 Nf6 3. Bf4 c6 4. e3 Bf5 5. Nbd2 e6 6. Nh4 Bg6 7. c3 Bd6 8. Nxg6
hxg6 9. Bxd6 Qxd6 10. Nf3 Nbd7 11. Qb3 Rb8 12. c4 O-O 13. c5 Qc7 14. Bd3 e5 15.
dxe5 Nxe5 16. Nxe5 Qxe5 17. O-O Ng4 18. g3 Qh5 19. h4 g5 20. Kg2 Ne5 21. hxg5
Qf3+ 22. Kg1 Ng4 23. Qd1 Ne5 24. Be2 Qe4 25. Qd4 Rbd8 26. f4 Nd7 27. Bd3 Qxd4
28. exd4 g6 29. Rae1 Rfe8 30. Kf2 Nf8 31. Rxe8 Rxe8 32. Re1 Rxe1 33. Kxe1 Ne6
34. Kd2 Nxd4 35. Ke3 Ne6 36. b4 Kf8 37. Be2 Ke7 38. Bg4 Kd8 39. Kd3 Ke7 40. Bh3
Kd8 41. Bg2 Ke7 42. a3 Kd8 43. Bh3 Ke7 44. Bg4 Kd8 1/2-1/2

[Event "40th Olympiad Open"]
[Site "Istanbul TUR"]
[Date "2012.09.06"]
[Round "9.74"]
[Board "1"]
[White "Hamperl, Fred"]
[Black "Hernandez, Roberto PLW"]
[Result "1-0"]
[WhiteTitle "FM"]
[WhiteElo "2120"]
[BlackElo "1875"]
[WhiteTeam "Guernsey"]
[BlackTeam "Palau"]
[WhiteFideId "10700110"]
[BlackFideId "16600010"]
[EventDate "2012.08.28"]

1. e4 c5 2. Nc3 d6 3. f4 Nc6 4. Nf3 Nf6 5. Bc4 e6 6. O-O a6 7. d3 Be7 8. Bb3 O-O
9. Qe1 b5 10. a4 b4 11. Ne2 Qb6 12. Kh1 Bb7 13. Be3 Ng4 14. Bg1 Na5 15. Ba2 Bc6
16. Qg3 Nh6 17. Ng5 Bxa4 18. Nxe6 fxe6 19. Bxe6+ Kh8 20. Rxa4 Bf6 21. c3 Nc6 22.
Rfa1 bxc3 23. bxc3 Ra7 24. d4 Nd8 25. Bd5 Nc6 26. Qd3 Rfa8 27. Qc4 Be7 28. h3 a5
29. e5 Nf5 30. Be4 g6 31. Bxf5 gxf5 32. exd6 Bf6 33. dxc5 Qb7 34. Nd4 Rg8 35.
Qd5 Nd8 36. c6 Qb2 37. c7 Nf7 38. R4a2 Qxc3 39. Qxf7 Bxd4 40. Bxd4+ Qxd4 41.
Qxg8+ Kxg8 42. c8=Q+ Kg7 43. Qxf5 Qxd6 44. Qe5+ 1-0

[Event "40th Olympiad Open"]
[Site "Istanbul TUR"]
[Date "2012.09.06"]
[Round "9.74"]
[Board "3"]
[White "Brookfield, Toby"]
[Black "Garcia, Bernardo"]
[Result "1-0"]
[WhiteTitle "CM"]
[WhiteElo "1823"]
[BlackElo "1663"]
[WhiteTeam "Guernsey"]
[BlackTeam "Palau"]
[WhiteFideId "10700234"]
[BlackFideId "16600096"]
[EventDate "2012.08.28"]

1. f4 Nh6 2. e4 d5 3. exd5 Qxd5 4. Nc3 Qd8 5. Nf3 Bg4 6. Be2 e6 7. Ne5 Bxe2 8.
Qxe2 Nd7 9. d3 Nf5 10. Nf3 Bc5 11. Bd2 O-O 12. O-O-O Nf6 13. Ne5 Nd5 14. Ne4 Nd4
15. Qf1 Be7 16. c3 Nf5 17. Qe2 c6 18. g4 Nd6 19. h4 f6 20. Nxd6 Bxd6 21. Nc4 Re8
22. Nxd6 Qxd6 23. Rdf1 b5 24. g5 f5 25. h5 Rac8 26. h6 g6 27. Rh3 c5 28. c4 Nc7
29. Bc3 b4 30. Be5 Qd7 31. Re3 Na6 32. b3 Kf7 33. Re1 Rc6 34. Ba1 Nc7 35. Rd1 a5
36. d4 Qc8 37. Red3 cxd4 38. Qe5 Rg8 39. Rxd4 Nd5 40. R4d3 Qc7 41. Qd4 Ke7 42.
Kb1 Nb6 43. Qf6+ Ke8 44. Rd8+ Qxd8 45. Rxd8# 1-0

[Event "40th Olympiad Open"]
[Site "Istanbul TUR"]
[Date "2012.09.06"]
[Round "9.74"]
[Board "4"]
[White "Manuel, Menandro"]
[Black "Knight, Timothy"]
[Result "1-0"]
[WhiteElo "1922"]
[BlackElo "1801"]
[WhiteTeam "Palau"]
[BlackTeam "Guernsey"]
[WhiteFideId "16600029"]
[BlackFideId "10700064"]
[EventDate "2012.08.28"]

1. d4 Nf6 2. c4 c5 3. Nf3 e6 4. Nc3 b6 5. e4 Bb7 6. Bd3 cxd4 7. Nxd4 d6 8. O-O
Be7 9. Be3 Nbd7 10. f3 a6 11. Qe2 Qc7 12. Rac1 O-O 13. Bb1 Qb8 14. Rfd1 Re8 15.
Qf2 Bd8 16. Rd2 d5 17. cxd5 exd5 18. exd5 Nxd5 19. Nxd5 Bxd5 20. Nf5 Be6 21. Nd6
Rf8 22. Be4 Bc7 23. Rcd1 Ra7 24. Qh4 g6 25. Qh6 f6 26. Bxg6 hxg6 27. Qxg6+ Kh8
28. Rd4 1-0

[Event "40th Olympiad Open"]
[Site "Istanbul TUR"]
[Date "2012.09.06"]
[Round "9.77"]
[Board "1"]
[White "Meshkov, Yuri A."]
[Black "Iturrizaga, Eduardo"]
[Result "0-1"]
[WhiteTitle "IM"]
[BlackTitle "GM"]
[WhiteElo "2390"]
[BlackElo "2627"]
[WhiteTeam "IBCA"]
[BlackTeam "Venezuela"]
[WhiteFideId "4107101"]
[BlackFideId "3901211"]
[EventDate "2012.08.28"]

1. c4 c5 2. Nf3 g6 3. d4 cxd4 4. Nxd4 Nc6 5. e4 Nf6 6. Nc3 d6 7. Be2 Nxd4 8.
Qxd4 Bg7 9. Be3 O-O 10. Qd2 a5 11. f3 a4 12. Rc1 Qa5 13. Nb5 Nd7 14. Qxa5 Rxa5
15. Bd2 Ra6 16. Bc3 Nc5 17. Bxg7 Kxg7 18. Kd2 Bd7 19. Nc3 f5 20. exf5 gxf5 21.
f4 Bc6 22. Rhg1 Rb6 23. Kc2 Ne6 24. Rgf1 Be4+ 25. Nxe4 fxe4 26. Kc3 Nxf4 27.
Rfe1 Nxg2 28. Rg1 Rf2 29. Rc2 Kf6 30. Bd1 Rxc2+ 31. Bxc2 Nf4 32. Re1 d5 33. cxd5
Nxd5+ 34. Kd4 Rxb2 35. Bxe4 Nf4 36. Bxh7 Rxa2 37. Rb1 Rxh2 38. Be4 Ne6+ 39. Kc3
Rh3+ 40. Kd2 Nc5 41. Bxb7 Nxb7 42. Rxb7 e5 43. Kc2 a3 44. Kb1 Kf5 45. Rf7+ Ke4
46. Ka2 Rd3 47. Re7 Kf4 48. Rf7+ Ke3 49. Kb1 e4 50. Kc2 Rd2+ 51. Kb1 Ke2 52. Ra7
e3 53. Rxa3 Kf2 54. Kc1 Rd4 55. Ra8 Rc4+ 56. Kb2 e2 57. Rf8+ Ke3 58. Kb3 Re4 0-1

[Event "40th Olympiad Open"]
[Site "Istanbul TUR"]
[Date "2012.09.06"]
[Round "9.77"]
[Board "3"]
[White "Grigorchuk, Sergey"]
[Black "Ostos, Julio"]
[Result "1/2-1/2"]
[BlackTitle "IM"]
[WhiteElo "2298"]
[BlackElo "2345"]
[WhiteTeam "IBCA"]
[BlackTeam "Venezuela"]
[WhiteFideId "14114879"]
[BlackFideId "3900053"]
[EventDate "2012.08.28"]

1. d4 Nf6 2. c4 c5 3. d5 e6 4. Nc3 exd5 5. cxd5 Bd6 6. e4 O-O 7. Bd3 Re8 8. Nge2
a6 9. a4 Bc7 10. h3 Ba5 11. O-O d6 12. b3 Nbd7 13. Bb2 Rb8 14. f4 c4 15. Bxc4
Nxe4 16. Nxe4 Rxe4 17. Ng3 Qb6+ 18. Kh2 Rxc4 19. Bxg7 Kxg7 20. Qg4+ Kf8 21. Nf5
Re4 22. Qg7+ Ke8 23. Qg8+ Nf8 24. Ng7+ Ke7 25. f5 f6 26. Ne6 Nd7 27. Qg7+ Ke8
28. Qg8+ Ke7 29. Qxh7+ Ke8 30. Qg8+ Ke7 31. Rac1 Qxb3 32. Qg7+ Ke8 33. Qg6+ Ke7
34. Qh7+ Ke8 35. Qh5+ Ke7 36. Qh7+ Ke8 37. Qg6+ Ke7 38. Rc7 Bxc7 39. Qg7+ Ke8
40. Qg8+ Ke7 41. Qg7+ Ke8 42. Qg6+ 1/2-1/2

[Event "40th Olympiad Open"]
[Site "Istanbul TUR"]
[Date "2012.09.06"]
[Round "9.78"]
[Board "1"]
[White "Shukuraliev, Algis"]
[Black "Obodchuk, Andrei"]
[Result "1/2-1/2"]
[BlackTitle "IM"]
[WhiteElo "2360"]
[BlackElo "2399"]
[WhiteTeam "Kyrgyzstan"]
[BlackTeam "IPCA"]
[WhiteFideId "13800426"]
[BlackFideId "4114310"]
[EventDate "2012.08.28"]

1. e4 c5 2. Nf3 d6 3. d4 cxd4 4. Nxd4 Nf6 5. Nc3 a6 6. Be2 e6 7. O-O Be7 8. Be3
O-O 9. a4 Nc6 10. f4 Qc7 11. Bf3 Re8 12. Qd2 Bf8 13. Nb3 b6 14. g4 Bb7 15. h4
Nd7 16. g5 Nc5 17. Qf2 Nb4 18. a5 b5 19. Nxc5 dxc5 20. Bg2 Rad8 21. h5 Rd7 22.
g6 f5 23. gxh7+ Kxh7 24. Rad1 Red8 25. Rde1 Qxa5 26. Re2 Qc7 27. Qg3 Kh8 28. Bh3
Rf7 29. Kh2 Rf6 30. Rg1 Qf7 31. Qf2 fxe4 32. Bc1 Rd4 33. Rg4 e5 34. Bg2 Rh6 35.
fxe5 Qxf2 36. Rxf2 Rxh5+ 37. Kg1 Kg8 38. Be3 Rd8 39. Bxe4 Rxe5 40. Bxb7 Rxe3 41.
Be4 Re1+ 42. Kg2 Be7 43. Rg6 Rd6 44. Rxd6 Bxd6 45. Bg6 Be5 46. Rd2 Bd4 47. Ne2
Nd5 48. Nxd4 cxd4 49. Rxd4 Re5 50. Kf3 Kf8 51. Be4 Nf6 52. Bb7 a5 53. Rd8+ Ke7
54. Rd2 b4 55. b3 Rc5 56. Ba6 Nd7 57. Ke3 Rh5 58. Kd4 Nf6 59. Rg2 g5 60. Be2 g4
61. Ke3 Rh3+ 62. Kf4 Rc3 63. Bxg4 Nd5+ 64. Kg5 Ne3 65. Re2 Kd6 66. Bf5 Nxf5 67.
Kxf5 Kd5 68. Re5+ Kd4 69. Re4+ Kd5 70. Re5+ Kc6 71. Re6+ Kd5 1/2-1/2